فن العلاقات الإجتماعية / (رقم التسجيلة. 81503)

تفاصيل مارك
000 -الفاتح
حقل البيانات ثابتة الطول 00923nam a22002297a 4500
003 - محدد رقم الضبط
رقم الضبط OSt
005 - وقت وتاريخ اخر تعامل مع التسجيلة
رقم الضبط 20220816121125.0
008 - عناصر البيانات ثابتة الطول - معلومات عامة
حقل البيانات ثابتة الطول 220816b2013 su ||||g |||| 00| 0 ara d
040 ## - مصدر الفهرسة
وكالة الفهرسة الأصلية Ma-Un
وكالة النسخ Ma-Un
082 ## - رقم تصنيف ديوى العشرى
رقم الطبعة 21
رقم التصنيف 158.2
رقم المادة م إ ف
100 ## - المدخل الرئيسى - إسم شخصى
الإسم الشخصى الموسى، إبراهيم.
245 ## - بيان العنوان
العنوان فن العلاقات الإجتماعية /
بيان المسئوليه,etc إبراهيم الموسى.
250 ## - بيان الطبعة
بيان الطبعة ط. 1.
260 ## - PUBLICATION, DISTRIBUTION, ETC. (IMPRINT)
مكان الناشر او الموزع {السعودية} :
اسم الناشر او الموزع دار الكتاب العربي،
تاريخ النشر أو التوزيع 2013
تاريخ النشر هجري 1434
300 ## - الوصف المادى
التعداد 156 ص. ؛
أبعاد الوعاء 22 سم.
490 ## - بيان السلسلة
عنوان السلسلة السلسلة الثقافية للتنمية الفكرية و الاجتماعية.
رقم المجلد/ التعيين التسلسلي (2).
504 ## - تبصرة ببليوجرافية
تبصرة ببليوجرافية,الخ يشتمل على قائمة ببليوجرافية.
650 ## - المدخل الاضافى بالموضوع-مصطلح موضوعى
مصطلح موضوعي أو اسم جغرافي كعنصر مدخل العلاقات الاجتماعية.
650 ## - المدخل الاضافى بالموضوع-مصطلح موضوعى
مصطلح موضوعي أو اسم جغرافي كعنصر مدخل التفاعل الاجتماعي.
650 ## - المدخل الاضافى بالموضوع-مصطلح موضوعى
مصطلح موضوعي أو اسم جغرافي كعنصر مدخل العلاقات الإنسانية.
التقسيم الفرعي العام جوانب نفسية.
952 ## - LOCATION AND ITEM INFORMATION (KOHA)
نوع المادة فى نظام كوها كتاب
952 ## - LOCATION AND ITEM INFORMATION (KOHA)
نوع المادة فى نظام كوها كتاب
952 ## - LOCATION AND ITEM INFORMATION (KOHA)
نوع المادة فى نظام كوها كتاب
952 ## - LOCATION AND ITEM INFORMATION (KOHA)
نوع المادة فى نظام كوها كتاب
952 ## - LOCATION AND ITEM INFORMATION (KOHA)
نوع المادة فى نظام كوها كتاب
952 ## - LOCATION AND ITEM INFORMATION (KOHA)
نوع المادة فى نظام كوها كتاب
952 ## - LOCATION AND ITEM INFORMATION (KOHA)
نوع المادة فى نظام كوها كتاب
952 ## - LOCATION AND ITEM INFORMATION (KOHA)
نوع المادة فى نظام كوها كتاب
952 ## - LOCATION AND ITEM INFORMATION (KOHA)
نوع المادة فى نظام كوها كتاب
952 ## - LOCATION AND ITEM INFORMATION (KOHA)
نوع المادة فى نظام كوها كتاب
942 ## -
-- ddc
-- BOOK
المقتنيات
حالة الفقد نموذج السعر الفعال حالة تلف ليس للاعارة تاريخ الاكتساب رقم الطلب تاريخ الاكتساب الموقع الحالي الباركود الفرع الرئيسي Date last seen مصدر التصنيف او خطة الترفيف Total Checkouts
  2022-08-16   Not For Loan 2022-08-16 158.2 م إ ف 2022-08-16 CL 00185755 المكتبة المركزية بالمجمعة (CL) 2022-08-16 Dewey Decimal Classification  
  2022-08-16     2022-08-16 158.2 م إ ف 2022-08-16 CL 00185756 المكتبة المركزية بالمجمعة (CL) 2022-08-16 Dewey Decimal Classification  
  2022-08-16     2022-08-16 158.2 م إ ف 2022-08-16 CL 00185757 المكتبة المركزية بالمجمعة (CL) 2022-08-16 Dewey Decimal Classification  
  2022-08-16   Not For Loan 2022-08-16 158.2 م إ ف 2022-08-16 EMF 00185760 مكتبة مجمع الطالبات بالمجمعة (EMF) 2022-08-16 Dewey Decimal Classification  
  2022-08-16     2022-08-16 158.2 م إ ف 2022-08-16 EMF 00185761 مكتبة مجمع الطالبات بالمجمعة (EMF) 2022-08-16 Dewey Decimal Classification  
  2022-08-16   Not For Loan 2022-08-16 158.2 م إ ف 2022-08-16 EZF 00185758 مكتبة كلية التربية بالزلفى - طالبات (EZF) 2022-08-16 Dewey Decimal Classification  
  2022-08-16     2022-08-16 158.2 م إ ف 2022-08-16 EZF 00185759 مكتبة كلية التربية بالزلفى - طالبات (EZF) 2022-08-16 Dewey Decimal Classification  
  2022-08-16   Not For Loan 2022-08-16 158.2 م إ ف 2022-08-16 SRF 00185764 مكتبة كلية العلوم و الدراسات الإنسانية برماح - طالبات (SRF) 2022-08-16 Dewey Decimal Classification  
  2022-08-16   Not For Loan 2022-08-16 158.2 م إ ف 2022-08-16 SZM 00185762 مكتبة مجمع الكليات بالزلفى - طلاب (SZM) 2022-08-16 Dewey Decimal Classification  
  2022-08-16     2022-08-16 158.2 م إ ف 2022-08-16 SZM 00185763 مكتبة مجمع الكليات بالزلفى - طلاب (SZM) 2022-08-16 Dewey Decimal Classification